La revolución rusa 1891-1924. (rústica) (Registro nro. 182710)

Detalles MARC
000 -ENCABEZADO
Número de control [NR] 00928nam a22002537a 4500
005 - FECHA Y HORA DE LA ÚLTIMA TRANSACCIÓN
control field 20140908093019.0
008 - DE LONGITUD FIJA DE DATOS DE ELEMENTOS - INFORMACIÓN GENERAL
Elementos de longitud fija [NR] 131213s2010 sp ao frn 001 0dspa
020 ## - NUMERO INTERNACIONAL NORMALIZADO PARA LIBROS [R]
Número Internacional Normalizado del libro [NR] 978843502691
040 ## - FUENTE DE CATALOGACION [NR]
Agencia de catalogación original [NR] CO-BoUCM
Idioma de catalogación [NR] spa
Quien Cataloga Jose A. Gerena (modificó)
Quien Clasifica [Nuevo]
041 00 - CODIGO DE IDIOMA [R]
Código de idioma para texto/pista de sonido o título separado [R] Español
100 1# - ASIENTO PRINCIPAL--NOMBRE PERSONAL [NR]
Nombre personal [NR] Figes, Orlando
ID Autoridad 52914
245 13 - MENCION DE TITULO [NR]
Título [NR] La revolución rusa 1891-1924. (rústica)
Mención de responsabilidad, etc. [NR] Orlando Figes ; traducción de César Vidal
260 ## - PUBLICACION, DISTRIBUCION, ETC. (PIE DE IMPRENTA) [R]
Lugar de publicación, distribución, etc. [R] Barcelona (España)
Nombre del editor, distribuidor, etc. [R] Edhasa
Fecha de publicación, distribución, etc. [R] 2010
300 ## - DESCRIPCION FISICA [R]
Extensión [R] 989 páginas
Otros detalles físicos [NR] ilustraciones y fotografías
490 0# - MENCION DE SERIE [R]
Mención de serie [R] Ensayo histórico
504 ## - NOTA DE BIBLIOGRAFIA, ETC. [R]
Nota de bibliografía, etc. [NR] Incluye referencias bibliográficas e índices
651 #4 - ASIENTO SECUNDARIO DE MATERIA - NOMBRE GEOGRAFICO [R]
Nombre geográfico [NR] Rusia
Subdivisión general [R] Aspectos sociales
Subdivisión cronológica [R] 1891-1924
9 (RLIN) 53305
651 #4 - ASIENTO SECUNDARIO DE MATERIA - NOMBRE GEOGRAFICO [R]
Nombre geográfico [NR] Rusia
Subdivisión general [R] Historia
Subdivisión cronológica [R] 1891-1924
9 (RLIN) 53304
690 ## - ASUNTO AGREGADO LOCAL DE ENTRADA - TÉRMINO TEMÁTICO (OCLC, RLIN)
Acceso temático local Historia de Europa
700 1# - ASIENTO SECUNDARIO - NOMBRE PERSONAL [R]
Nombre personal [NR] Vidal, César
Término de relación [R] traductor
9 (RLIN) 52915
765 1# - ASIENTO DE IDIOMA ORIGINAL [R]
Título [NR] A people's tragedy
942 ## - ELEMENTOS DE ENTRADA AGREGADOS (KOHA)
Tema principal Historia
Tipo de ítem principal el descrito en 300a Libro
Edición 1
Parte restante de la signatura top. F471r
Sistema de clasificación DEWEY
Clasificación 947.083
Existencias
Fecha de último préstamo Total préstamos Total Renewals Signatura topográfica Código de barras Última vez visto Ejemplar Costo de reposición Price effective from Tipo de ítem Perdido Sistema de clasificación Dañado No prestable Tipo de ítem específico Suprimido Ubicación habitual Ubicación actual Localización Fecha de creación Proveedor Forma de adquisición Costo
04/02/2022 6 11 947.083 F471r 100139205 10/12/2025 Ej.1 92069.00 21/11/2013 Libro   DEWEY     Libro   Claustro Claustro 2do piso 21/11/2013 37 Compra 92069.00